Medical management of eating disorders / (Registro nro. 46739)
[ vista simple ]
| 000 -LEADER | |
|---|---|
| fixed length control field | 01407cam a2200337 i 4500 |
| 001 - CONTROL NUMBER | |
| control field | 46739 |
| 003 - CONTROL NUMBER IDENTIFIER | |
| control field | Mx-PuUPA |
| 005 - DATE AND TIME OF LATEST TRANSACTION | |
| control field | 20260424090711.0 |
| 008 - FIXED-LENGTH DATA ELEMENTS--GENERAL INFORMATION | |
| fixed length control field | 140415s2019 nyua fr 000 0 eng d |
| 020 ## - INTERNATIONAL STANDARD BOOK NUMBER | |
| International Standard Book Number | 9781108465991 |
| Qualifying information | rústica |
| 024 7# - OTHER STANDARD IDENTIFIER | |
| Source of number or code | doi |
| Standard number or code | 10.1017/9781108618410 |
| 040 ## - CATALOGING SOURCE | |
| Transcribing agency | Mx-PuUPA |
| Original cataloging agency | Mx-PuUPA |
| Language of cataloging | spa |
| Modifying agency | Mx-PuUPA |
| Description conventions | rda |
| 041 0# - LANGUAGE CODE | |
| Language code of text/sound track or separate title | eng |
| 100 1# - MAIN ENTRY--PERSONAL NAME | |
| Personal name | Birmingham, C. Laird, |
| Fuller form of name | (Carl Laird) |
| Relator term | autor |
| 9 (RLIN) | 18042 |
| 245 10 - TITLE STATEMENT | |
| Title | Medical management of eating disorders / |
| Statement of responsibility, etc. | C. Laird Brimingham, Janet Treasure |
| 250 ## - EDITION STATEMENT | |
| Edition statement | Third edition |
| 264 #1 - PRODUCTION, PUBLICATION, DISTRIBUTION, MANUFACTURE, AND COPYRIGHT NOTICE | |
| Place of production, publication, distribution, manufacture | New York, NY : |
| Name of producer, publisher, distributor, manufacturer | Cambridge University Press, |
| Date of production, publication, distribution, manufacture, or copyright notice | 2019 |
| 300 ## - PHYSICAL DESCRIPTION | |
| Extent | xiii, 219 páginas : |
| Other physical details | ilustraciones, tablas (en color) ; |
| 336 ## - CONTENT TYPE | |
| Fuente | rdacontent |
| Content type term | texto |
| Content type code | txt |
| 336 ## - CONTENT TYPE | |
| Fuente | rdacontent |
| Content type term | imagen fija |
| Content type code | sti |
| 337 ## - MEDIA TYPE | |
| Source | rdamedia |
| Media type term | sin medio |
| Media type code | n |
| 338 ## - CARRIER TYPE | |
| Source | rdacarrier |
| Carrier type term | volumen |
| Carrier type code | nc |
| 650 #7 - SUBJECT ADDED ENTRY--TOPICAL TERM | |
| Source of heading or term | armarc |
| Topical term or geographic name entry element | Trastornos alimenticios |
| 650 #7 - SUBJECT ADDED ENTRY--TOPICAL TERM | |
| Source of heading or term | armarc |
| Topical term or geographic name entry element | Trastornos alimenticios |
| General subdivision | Complicaciones |
| 700 1# - ADDED ENTRY--PERSONAL NAME | |
| Personal name | Treasure, Janet, |
| Relator term | autor |
| 942 ## - ADDED ENTRY ELEMENTS (KOHA) | |
| Source of classification or shelving scheme | Dewey Decimal Classification |
| Koha item type | Libro |
| Classification part | 616.8526 |
| Item part | B67 |
| Withdrawn status | Lost status | Source of classification or shelving scheme | Damaged status | Not for loan | Collection code | Home library | Current library | Shelving location | Date acquired | Source of acquisition | Cost, normal purchase price | Total Checkouts | Full call number | Barcode | Date last seen | Cost, replacement price | Price effective from | Koha item type |
|---|---|---|---|---|---|---|---|---|---|---|---|---|---|---|---|---|---|---|
| Dewey Decimal Classification | En catalogación | General | Biblioteca Karol Wojtyla | Biblioteca Karol Wojtyla | Sala general | 17/04/2026 | 2 | 1320.60 | 616.8526 B67 2019 | 106589 | 17/04/2026 | 1320.60 | 17/04/2026 | Libro |